00536nam a2200157Ia 450000500170000000800410001708200130005810000290007124500100010026000560011030000120016650000800017894200060025895200990026499900150036320250317122339.0240331s9999 xx 000 0 und d bKANa894 aSubramaniyam, S. .. etc. 0aKanal aBatticaloabSuriya Women's Development Centrec1997 a32 p ., anaangu pengal eluthiya pathimundru kavithaikal adangikiya kavithai thoguthi cL 001040708LaWERCLbWERCLcSSCd2024-03-31l0o 894.811 KANp6496r2024-03-31w2024-03-31yL c4744d4744